[Event "Cappelle op 30th"]
[Site "Cappelle la Grande"]
[Date "2014.03.02"]
[Round "2"]
[White "Abergel, Thal"]
[Black "Vrublevskaya, Olga"]
[Result "1-0"]
[WhiteElo "2426"]
[BlackElo "2186"]
[PlyCount "55"]
[EventDate "2014.03.01"]
[EventType "swiss"]
[EventRounds "9"]
[EventCountry "FRA"]
[SourceTitle "CBM 159 Extra"]
[Source "ChessBase"]
[SourceDate "2014.04.24"]
[SourceVersion "1"]
[SourceVersionDate "2014.04.24"]
[SourceQuality "1"]

1. e4 d6 2. d4 Nf6 3. Nc3 e5 4. Nf3 Nbd7 5. g4 Nxg4 6. Rg1 Ngf6 7. Be3 c6 8. Qd2 b5 9. a3 Bb7 10. 0-0-0 a6 11. Bh3 Qc7 12. dxe5 dxe5 13. Ng5 Nc5 14. f4 h6 15. Nf3 exf4 16. Bxf4 Qe7 17. Qf2 Rd8 18. Rxd8+ Qxd8 19. Rd1 Qa5 20. Qg3 Nh5 21. Bc7 Nxg3 22. Bxa5 Ngxe4 23. Rd8+ Ke7 24. Nxe4 Nxe4 25. Rd7+ Kf6 26. Bd8+ Kg6 27. Ne5+ Kh7 28. Bf5+ 1-0

[Event "Dresden ZMD op 22nd"]
[Site "Dresden"]
[Date "2013.08.11"]
[Round "2"]
[White "Vrublevskaya, Olga"]
[Black "Gutman, Lev"]
[Result "0-1"]
[WhiteElo "2176"]
[BlackElo "2441"]
[PlyCount "102"]
[EventDate "2013.08.10"]
[EventType "swiss"]
[EventRounds "9"]
[EventCountry "GER"]
[SourceTitle "CBM 155 Extra"]
[Source "ChessBase"]
[SourceDate "2013.08.26"]
[SourceVersion "1"]
[SourceVersionDate "2013.08.26"]
[SourceQuality "1"]

1. c4 Nf6 2. Nc3 g6 3. e4 Bg7 4. d4 0-0 5. Be2 c6 6. Nf3 a6 7. e5 Ne8 8. 0-0 d6 9. h3 b5 10. Bf4 Nd7 11. Qd2 dxe5 12. dxe5 Nc7 13. Rad1 Ne6 14. Bh6 Qc7 15. Bxg7 Kxg7 16. Qe3 b4 17. Na4 c5 18. Bd3 Rb8 19. Rde1 Rd8 20. b3 Ndf8 21. Rd1 Nd4 22. Be4 Nfe6 23. Rd2 Nxf3+ 24. Bxf3 Rxd2 25. Qxd2 Nd4 26. Bg4 Bd7 27. Nb2 Bf5 28. Qf4 Be6 29. Bxe6 Nxe6 30. Qe4 Rd8 31. Rd1 Rxd1+ 32. Nxd1 Qa5 33. Qb1 Qd8 34. Qc2 Qd4 35. Nb2 Qxe5 36. Nd3 Qe4 37. Qd2 f6 38. Kf1 Kf7 39. Qe2 Qd4 40. g3 a5 41. Kg2 Ng5 42. Qe3 Qxe3 43. fxe3 Ne4 44. Kf3 f5 45. Ne5+ Ke6 46. Nc6 Kd6 47. Na7 Nc3 48. Nb5+ Nxb5 49. cxb5 c4 50. bxc4 a4 51. Ke2 b3 0-1

[Event "Pardubice op rap 24th"]
[Site "Pardubice"]
[Date "2013.07.18"]
[Round "9"]
[White "Vrublevskaya, Olga"]
[Black "Pechac, Jergus"]
[Result "1-0"]
[WhiteElo "2156"]
[BlackElo "2182"]
[PlyCount "67"]
[EventDate "2013.07.17"]
[EventType "swiss (rapid)"]
[EventRounds "9"]
[EventCountry "CZE"]
[SourceTitle "CBM 155 Extra"]
[Source "ChessBase"]
[SourceDate "2013.08.26"]
[SourceVersion "1"]
[SourceVersionDate "2013.08.26"]
[SourceQuality "1"]

1. d4 e6 2. c4 b6 3. Nf3 Bb7 4. a3 f5 5. Nc3 Nf6 6. g3 Bd6 7. Bg2 0-0 8. 0-0 Nc6 9. Nb5 Qe8 10. c5 a6 11. Nxd6 cxd6 12. cxd6 Ne4 13. Bf4 Na5 14. Rc1 Bd5 15. Qd3 b5 16. Rc7 Nc4 17. b3 Nxa3 18. Ne5 Rd8 19. Bxe4 fxe4 20. Qd2 b4 21. Qxb4 Nb5 22. Rc5 Qh5 23. Rxd5 exd5 24. Qc5 Kh8 25. Qxd5 Rf6 26. g4 Qh3 27. Bg5 Nc3 28. Qc4 Re6 29. f3 Rf8 30. Qxc3 exf3 31. exf3 h5 32. Be7 hxg4 33. Bxf8 Rh6 34. Nxg4 1-0

[Event "Pardubice op rap 24th"]
[Site "Pardubice"]
[Date "2013.07.17"]
[Round "3"]
[White "Vrublevskaya, Olga"]
[Black "Rjabzev, Konstantin"]
[Result "1/2-1/2"]
[WhiteElo "2156"]
[BlackElo "2290"]
[PlyCount "122"]
[EventDate "2013.07.17"]
[EventType "swiss (rapid)"]
[EventRounds "9"]
[EventCountry "CZE"]
[SourceTitle "CBM 155 Extra"]
[Source "ChessBase"]
[SourceDate "2013.08.26"]
[SourceVersion "1"]
[SourceVersionDate "2013.08.26"]
[SourceQuality "1"]

1. d4 d6 2. e4 g6 3. Nc3 Bg7 4. Nf3 c6 5. a4 Nf6 6. Be2 0-0 7. 0-0 Bg4 8. Be3 Bxf3 9. Bxf3 d5 10. e5 Nfd7 11. Qd2 Re8 12. Bh6 Bh8 13. e6 fxe6 14. Bg4 Nf8 15. Bxf8 Kxf8 16. Qh6+ Bg7 17. Qxh7 Qd6 18. Rae1 e5 19. dxe5 Bxe5 20. Re3 Na6 21. Rfe1 Bxh2+ 22. Qxh2 Qxh2+ 23. Kxh2 Nc5 24. b4 Na6 25. Bd7 Red8 26. Rxe7 d4 27. Nb1 Nxb4 28. Rh7 Nd5 29. Bg4 Nf6 30. Rh4 g5 31. Rh8+ Kg7 32. Rxd8 Rxd8 33. Bf5 Rd5 34. Bd3 Kf8 35. Nd2 Ra5 36. Nf3 c5 37. Nxg5 b6 38. Bb5 a6 39. Bc6 Kg7 40. Ne4 Ng4+ 41. Kg3 Ne5 42. Be8 c4 43. f4 Ng6 44. Rd1 Ne7 45. Nd6 d3 46. cxd3 c3 47. Rc1 Rd5 48. Ne4 Rxd3+ 49. Kf2 Kf8 50. Bh5 Nd5 51. g3 b5 52. axb5 axb5 53. Be2 Re3 54. Nxc3 Rxc3 55. Rxc3 Nxc3 56. Ke3 b4 57. Kd2 Ne4+ 58. Kc2 Nxg3 59. Bf3 Ke7 60. Kb3 Kf6 61. Kxb4 Kf5 1/2-1/2

[Event "Arber op 2nd"]
[Site "Bayerisch Eisenstein"]
[Date "2013.07.06"]
[Round "8"]
[White "Haba, Petr"]
[Black "Vrublevskaya, Olga"]
[Result "0-1"]
[WhiteElo "2522"]
[BlackElo "2156"]
[PlyCount "60"]
[EventDate "2013.06.29"]
[EventType "swiss"]
[EventRounds "9"]
[EventCountry "GER"]
[SourceTitle "CBM 155 Extra"]
[Source "ChessBase"]
[SourceDate "2013.08.26"]
[SourceVersion "1"]
[SourceVersionDate "2013.08.26"]
[SourceQuality "1"]

1. d4 Nf6 2. c4 g6 3. f3 Bg7 4. e4 d6 5. Nc3 0-0 6. Be3 Nc6 7. Nge2 a6 8. Qd2 Na5 9. Ng3 b5 10. cxb5 axb5 11. Bxb5 Nb3 12. Qd1 Nxa1 13. Qxa1 Bd7 14. Bd3 c6 15. 0-0 Qa5 16. Qc1 Rfb8 17. Rf2 Be6 18. Rc2 c5 19. dxc5 dxc5 20. b3 Rd8 21. Nf1 Nd7 22. Na4 Bd4 23. f4 f6 24. Be2 Bxe3+ 25. Qxe3 c4 26. Nd2 cxb3 27. axb3 Qa7 28. Rc6 Bf7 29. Ra6 Qb7 30. Nc5 Nxc5 0-1

[Event "Cappelle op 29th"]
[Site "Cappelle la Grande"]
[Date "2013.02.25"]
[Round "4"]
[White "Nikcevic, Nebojsa"]
[Black "Vrublevskaya, Olga"]
[Result "1/2-1/2"]
[WhiteElo "2452"]
[BlackElo "2132"]
[PlyCount "66"]
[EventDate "2013.02.23"]
[EventType "swiss"]
[EventRounds "9"]
[EventCountry "FRA"]
[SourceTitle "CBM 153 Extra"]
[Source "ChessBase"]
[SourceDate "2013.04.22"]
[SourceVersion "1"]
[SourceVersionDate "2013.04.22"]
[SourceQuality "1"]

1. c4 c5 2. Nf3 Nf6 3. Nc3 d5 4. cxd5 Nxd5 5. e3 Nxc3 6. bxc3 g6 7. Bb5+ Bd7 8. Qb3 Qc7 9. c4 Bg7 10. Bb2 0-0 11. Bxg7 Kxg7 12. Qc3+ Kg8 13. 0-0 Nc6 14. d4 cxd4 15. exd4 Rfd8 16. Rfe1 Qd6 17. h3 Qf6 18. Qa3 e6 19. Rad1 Qf4 20. Qb2 Rac8 21. Rc1 a6 22. Bxc6 Bxc6 23. Re3 Rc7 24. d5 exd5 25. cxd5 Bd7 26. Rd1 Qd6 27. Rd4 Bf5 28. Rd2 b5 29. Re1 Rc5 30. Red1 Re8 31. Nd4 Bd7 32. Nc2 Bf5 33. Qa3 Re4 1/2-1/2

[Event "Teplice op 7th"]
[Site "Teplice"]
[Date "2012.06.16"]
[Round "1"]
[White "Vrublevskaya, Olga"]
[Black "Rychtecky, Pavel"]
[Result "1-0"]
[WhiteElo "2110"]
[BlackElo "1728"]
[PlyCount "75"]
[EventDate "2012.06.16"]
[EventType "swiss"]
[EventRounds "9"]
[EventCountry "CZE"]
[SourceTitle "CBM 149 Extra"]
[Source "ChessBase"]
[SourceDate "2012.08.24"]
[SourceVersion "1"]
[SourceVersionDate "2012.08.24"]
[SourceQuality "1"]

1. d4 Nf6 2. c4 d5 3. cxd5 Qxd5 4. Nc3 Qa5 5. Nf3 e6 6. Bd2 Nbd7 7. e4 c6 8. Bd3 Qd8 9. 0-0 Be7 10. Rc1 Nb6 11. Qe2 0-0 12. e5 Ne8 13. Ne4 f5 14. exf6 gxf6 15. Rfe1 Nd5 16. Nc5 Bxc5 17. Rxc5 Bd7 18. b4 Nec7 19. Bh6 Rf7 20. h3 b6 21. Rc2 Kh8 22. Nd2 Qg8 23. Nc4 Ne8 24. Qf3 Rc8 25. Re4 b5 26. Rg4 Ng7 27. Nd6 Rcf8 28. Nxf7+ Rxf7 29. Be4 f5 30. Rxg7 Rxg7 31. Bxg7+ Qxg7 32. Bxd5 exd5 33. Qf4 Be8 34. Qb8 Qxd4 35. Qxe8+ Kg7 36. Qe7+ Kg6 37. Rxc6+ Kh5 38. Qxh7+ 1-0

[Event "Moscow-ch sf"]
[Site "Moscow"]
[Date "2011.03.22"]
[Round "6"]
[White "Vrublevskaya, Olga"]
[Black "Ageichenko, Genadi A"]
[Result "0-1"]
[WhiteElo "2126"]
[BlackElo "2357"]
[PlyCount "100"]
[EventDate "2011.03.13"]
[EventType "swiss"]
[EventRounds "9"]
[EventCountry "RUS"]
[SourceTitle "CBM 141 Extra"]
[Source "ChessBase"]
[SourceDate "2011.05.03"]
[SourceVersion "1"]
[SourceVersionDate "2011.05.03"]
[SourceQuality "1"]

1. d4 d5 2. c4 c6 3. Nf3 Nf6 4. e3 e6 5. Bd3 Nbd7 6. 0-0 Be7 7. Nbd2 c5 8. cxd5 Nxd5 9. Nc4 cxd4 10. Nxd4 Nc5 11. Bb1 0-0 12. e4 Nb6 13. Ne5 f6 14. Nef3 e5 15. Nb5 Be6 16. b3 Qxd1 17. Rxd1 Rfd8 18. Nc3 Rxd1+ 19. Nxd1 Rd8 20. Ne3 Nd3 21. Bd2 Ba3 22. Bc2 Nb4 23. Bd1 Rc8 24. Ne1 Bb2 25. Rb1 Bc3 26. Bxc3 Rxc3 27. a3 Nc6 28. Nf3 g6 29. Kf1 Nd4 30. Nd2 Kf7 31. Ndc4 Nxc4 32. Nxc4 Nxb3 33. Bxb3 Rxb3 34. Nd6+ Ke7 35. Rxb3 Bxb3 36. Nxb7 Ba4 37. f3 Bc6 38. Na5 Bb5+ 39. Ke1 Kd6 40. Kd2 Bf1 41. g3 Bg2 42. Ke2 Kc5 43. Ke3 Kb5 44. Nb7 Ka4 45. f4 Kxa3 46. h4 Kb4 47. g4 a5 48. f5 gxf5 49. Nxa5 f4+ 50. Kf2 Bxe4 0-1

[Event "Moscow-ch sf"]
[Site "Moscow"]
[Date "2011.03.15"]
[Round "2"]
[White "Vrublevskaya, Olga"]
[Black "Seliverstov, Vladimir"]
[Result "0-1"]
[WhiteElo "2126"]
[BlackElo "2322"]
[PlyCount "50"]
[EventDate "2011.03.13"]
[EventType "swiss"]
[EventRounds "9"]
[EventCountry "RUS"]
[SourceTitle "CBM 141 Extra"]
[Source "ChessBase"]
[SourceDate "2011.05.03"]
[SourceVersion "1"]
[SourceVersionDate "2011.05.03"]
[SourceQuality "1"]

1. d4 Nf6 2. c4 e6 3. Nf3 c5 4. d5 exd5 5. cxd5 d6 6. Nc3 g6 7. e4 Bg7 8. Bd3 0-0 9. 0-0 a6 10. a4 Bg4 11. Bf4 Re8 12. h3 Bxf3 13. Qxf3 Qc7 14. Qg3 Bf8 15. Qh4 Nbd7 16. Bg5 Bg7 17. Rfc1 Nh5 18. a5 Ne5 19. Be2 h6 20. f4 hxg5 21. Qxg5 Nd7 22. f5 Qd8 23. Qd2 Bd4+ 24. Kh2 Be5+ 25. Kg1 Bf4 0-1

[Event "Chigorin Memorial 16th"]
[Site "St Petersburg"]
[Date "2008.10.08"]
[Round "6"]
[White "Vrublevskaya, Olga"]
[Black "Orlov, Oleg"]
[Result "1/2-1/2"]
[WhiteElo "2106"]
[BlackElo "2333"]
[PlyCount "80"]
[EventDate "2008.10.03"]
[EventType "swiss"]
[EventRounds "9"]
[EventCountry "RUS"]
[SourceTitle "CBM 126 Extra"]
[Source "ChessBase"]
[SourceDate "2008.11.05"]
[SourceVersion "1"]
[SourceVersionDate "2008.11.05"]
[SourceQuality "1"]

1. d4 d5 2. c4 c6 3. Nf3 Nf6 4. e3 a6 5. Nbd2 b5 6. b3 Bg4 7. Be2 Nbd7 8. 0-0 e6 9. h3 Bh5 10. Bb2 Be7 11. Ne5 Bxe2 12. Qxe2 Qb6 13. cxb5 cxb5 14. Rfc1 0-0 15. Nxd7 Nxd7 16. Nf3 f5 17. Qc2 Qb7 18. Qc7 Rfb8 19. Rc6 Kf7 20. Rac1 Qxc7 21. Rxc7 Ke8 22. R1c6 Kd8 23. Rc2 Rc8 24. R7c6 Rab8 25. Kf1 Rxc6 26. Rxc6 Rb6 27. Rc2 h6 28. Ke2 Bd6 29. Bc3 b4 30. Bd2 Nb8 31. Kd3 Nc6 32. Rc1 Kd7 33. Rg1 g5 34. g4 Be7 35. Ne1 Rb5 36. Kc2 Rb8 37. Kd3 Bf6 38. Nf3 Be7 39. Ne1 Bf6 40. Nf3 Be7 1/2-1/2

[Event "Chigorin Memorial 16th"]
[Site "St Petersburg"]
[Date "2008.10.05"]
[Round "2"]
[White "Teterev, Vitaly"]
[Black "Vrublevskaya, Olga"]
[Result "1-0"]
[WhiteElo "2513"]
[BlackElo "2106"]
[PlyCount "61"]
[EventDate "2008.10.03"]
[EventType "swiss"]
[EventRounds "9"]
[EventCountry "RUS"]
[SourceTitle "CBM 126 Extra"]
[Source "ChessBase"]
[SourceDate "2008.11.05"]
[SourceVersion "1"]
[SourceVersionDate "2008.11.05"]
[SourceQuality "1"]

1. Nf3 c5 2. e4 Nc6 3. Bb5 e6 4. 0-0 Qc7 5. Re1 Nge7 6. c3 d5 7. exd5 Nxd5 8. d4 a6 9. Bc4 Nb6 10. Bb3 Be7 11. dxc5 Nd7 12. Ng5 Nf6 13. Nd2 Bxc5 14. Nde4 Be7 15. Nxf6+ Bxf6 16. Qh5 Bxg5 17. Bxg5 0-0 18. Re3 f6 19. Bh4 Qf7 20. Qc5 Bd7 21. Qb6 Kh8 22. Bg3 Nd8 23. Rd1 Bc6 24. Red3 Qe8 25. Bd6 Rg8 26. Re1 Qg6 27. Rg3 Qf5 28. Qc7 g5 29. Be7 Rg7 30. Qd6 Nf7 31. Qxe6 1-0

[Event "Chigorin Memorial 16th"]
[Site "St Petersburg"]
[Date "2008.10.04"]
[Round "1"]
[White "Mikkelsen, Nikolaj"]
[Black "Vrublevskaya, Olga"]
[Result "1-0"]
[WhiteElo "2441"]
[BlackElo "2106"]
[PlyCount "79"]
[EventDate "2008.10.03"]
[EventType "swiss"]
[EventRounds "9"]
[EventCountry "RUS"]
[SourceTitle "CBM 126 Extra"]
[Source "ChessBase"]
[SourceDate "2008.11.05"]
[SourceVersion "1"]
[SourceVersionDate "2008.11.05"]
[SourceQuality "1"]

1. e4 c5 2. Nf3 Nc6 3. d4 cxd4 4. Nxd4 e6 5. Nc3 Qc7 6. Be3 a6 7. Qd2 Nf6 8. f3 Nxd4 9. Qxd4 Bd6 10. Qb6 Bxh2 11. Rxh2 Qxh2 12. 0-0-0 0-0 13. Ne2 Qe5 14. Bc5 Re8 15. Rd6 Rf8 16. Rd3 Re8 17. Bd6 Qb5 18. Qe3 e5 19. Ng3 Re6 20. Nf5 Ne8 21. Rd1 Qa4 22. a3 Nxd6 23. Rxd6 Qa5 24. Bc4 Rxd6 25. Nxd6 Kf8 26. b4 Qc7 27. Qg5 Qb6 28. Qxe5 Qd8 29. Qc5 Qe7 30. Qc7 Qf6 31. Kb1 a5 32. b5 g6 33. Nxc8 Qc3 34. a4 Kg7 35. Nd6 Rf8 36. Qxd7 Qe1+ 37. Ka2 Qf2 38. Bb3 Qxg2 39. Nxf7 h5 40. f4 1-0

[Event "Moscow op-C 04th (Women)"]
[Site "Moscow"]
[Date "2008.02.07"]
[Round "6"]
[White "Vrublevskaya, Olga"]
[Black "Volkova, Ekaterina"]
[Result "1/2-1/2"]
[WhiteElo "2137"]
[BlackElo "1974"]
[PlyCount "60"]
[EventDate "2008.02.02"]
[EventType "swiss"]
[EventRounds "9"]
[EventCountry "RUS"]
[SourceTitle "CBM 122 Extra"]
[Source "ChessBase"]
[SourceDate "2008.03.04"]
[SourceVersion "1"]
[SourceVersionDate "2008.03.04"]
[SourceQuality "1"]

1. e4 e5 2. Bc4 Nf6 3. d3 c6 4. Nf3 d5 5. Bb3 Bd6 6. Nc3 Be6 7. Ng5 0-0 8. Nxe6 fxe6 9. 0-0 Nbd7 10. a3 Kh8 11. Qe2 Qe8 12. Bd2 Qg6 13. Kh1 Nc5 14. Ba2 dxe4 15. dxe4 Nfxe4 16. Nxe4 Nxe4 17. Be3 Nf6 18. Rad1 Nd5 19. c4 Nxe3 20. Qxe3 Bc7 21. Bb1 Qh5 22. Rd7 Rac8 23. Be4 Rfd8 24. Qd3 Qe8 25. Qh3 h6 26. Rxd8 Rxd8 27. Qg4 Rd4 28. b3 Qf7 29. g3 h5 30. Qe2 Kg8 1/2-1/2

[Event "Moscow op-C 04th (Women)"]
[Site "Moscow"]
[Date "2008.02.03"]
[Round "2"]
[White "Grigoryeva, Olga A"]
[Black "Vrublevskaya, Olga"]
[Result "1/2-1/2"]
[WhiteElo "1955"]
[BlackElo "2137"]
[PlyCount "75"]
[EventDate "2008.02.02"]
[EventType "swiss"]
[EventRounds "9"]
[EventCountry "RUS"]
[SourceTitle "CBM 122 Extra"]
[Source "ChessBase"]
[SourceDate "2008.03.04"]
[SourceVersion "1"]
[SourceVersionDate "2008.03.04"]
[SourceQuality "1"]

1. d4 d5 2. c4 dxc4 3. e4 Nc6 4. Be3 Nf6 5. f3 e5 6. d5 Nb4 7. a3 Nd3+ 8. Bxd3 cxd3 9. Qxd3 Bd6 10. Nc3 a6 11. Nge2 0-0 12. 0-0 Nh5 13. g4 Nf4 14. Nxf4 exf4 15. Bd4 Re8 16. Rae1 Qg5 17. Qe2 h5 18. h3 Bd7 19. Qg2 Be5 20. Bxe5 Qxe5 21. Qd2 c6 22. Ne2 hxg4 23. hxg4 cxd5 24. Nxf4 Bb5 25. exd5 Qd6 26. Rxe8+ Rxe8 27. Rf2 Rc8 28. Kg2 Qe5 29. Ne2 Rd8 30. Nc3 Rd6 31. Nxb5 axb5 32. Re2 Rxd5 33. Qc2 Qb8 34. Qb3 Re5 35. Qd3 Qe8 36. Rxe5 Qxe5 37. Qd8+ Kh7 38. Qh4+ 1/2-1/2

[Event "Chigorin Memorial-B 14th"]
[Site "St Petersburg"]
[Date "2006.10.30"]
[Round "9"]
[White "Vrublevskaya, Olga"]
[Black "Kirillova, Varvara"]
[Result "0-1"]
[WhiteElo "2163"]
[BlackElo "2244"]
[PlyCount "138"]
[EventDate "2006.10.23"]
[EventType "swiss"]
[EventRounds "9"]
[EventCountry "RUS"]
[SourceTitle "EXT 2007"]
[Source "ChessBase"]
[SourceDate "2006.11.23"]
[SourceVersion "1"]
[SourceVersionDate "2006.11.23"]
[SourceQuality "1"]

1. e4 d6 2. d4 Nf6 3. Nc3 e5 4. dxe5 dxe5 5. Qxd8+ Kxd8 6. Bg5 Be6 7. g3 c6 8. f4 h6 9. 0-0-0+ Kc7 10. Bxf6 gxf6 11. f5 Bd7 12. Bc4 Be8 13. Nf3 b5 14. Bb3 Nd7 15. a4 a6 16. Ne1 b4 17. Nb1 Nc5 18. Nd2 Rd8 19. Nef3 h5 20. Rhe1 Bh6 21. Kb1 Rg8 22. Re2 Rg4 23. Rde1 Bxd2 24. Nxd2 Rd4 25. Kc1 Kd8 26. Re3 Ke7 27. h3 Rg8 28. a5 Nb7 29. Nc4 c5 30. Nb6 Bc6 31. Bd5 Nxa5 32. Bxc6 Nxc6 33. Nd5+ Rxd5 34. exd5 Nd4 35. g4 hxg4 36. Rg3 Nxf5 37. Rxg4 Rh8 38. c3 a5 39. h4 Rxh4 40. Rg8 bxc3 41. bxc3 Rh3 42. Kd2 Nd6 43. Ra8 Nc4+ 44. Kc2 Ne3+ 45. Kd2 Nxd5 46. Rxa5 Kd6 47. Ra6+ Kc7 48. Ra7+ Kc6 49. Rxf7 c4 50. Rg1 Rd3+ 51. Ke2 Nxc3+ 52. Kf2 Nd5 53. Rg8 Kc5 54. Ra7 Kd4 55. Rd8 Ke4 56. Rh8 c3 57. Ra4+ Rd4 58. Ra2 Nf4 59. Rc8 Kd3 60. Rc6 Nd5 61. Ra1 Rf4+ 62. Ke1 Ne3 63. Rd6+ Rd4 64. Raa6 f5 65. Rf6 f4 66. Ra5 Nc4 67. Ra1 Re4+ 68. Kf1 c2 69. Rh6 Nd2+ 0-1

[Event "Chigorin Memorial-B 14th"]
[Site "St Petersburg"]
[Date "2006.10.26"]
[Round "5"]
[White "Vrublevskaya, Olga"]
[Black "Vunder, Andrei"]
[Result "1/2-1/2"]
[WhiteElo "2163"]
[BlackElo "2284"]
[PlyCount "73"]
[EventDate "2006.10.23"]
[EventType "swiss"]
[EventRounds "9"]
[EventCountry "RUS"]
[SourceTitle "EXT 2007"]
[Source "ChessBase"]
[SourceDate "2006.11.23"]
[SourceVersion "1"]
[SourceVersionDate "2006.11.23"]
[SourceQuality "1"]

1. d4 d5 2. c4 dxc4 3. e3 Nf6 4. Bxc4 e6 5. Nf3 c5 6. 0-0 a6 7. Bb3 Nc6 8. Nc3 cxd4 9. exd4 Be7 10. Re1 0-0 11. a3 Na5 12. Bc2 b5 13. d5 Re8 14. Qd3 Bb7 15. Bg5 g6 16. d6 Bxd6 17. Bxf6 Qxf6 18. Qxd6 Bxf3 19. gxf3 Nc4 20. Qg3 Red8 21. Rac1 Nxb2 22. Ne4 Qd4 23. Qg5 Kg7 24. Bb3 h6 25. Qg3 Nd3 26. Rcd1 Qb2 27. Rb1 Qxa3 28. Red1 Rac8 29. Rxd3 Rc1+ 30. Rxc1 Qxc1+ 31. Kg2 Rxd3 32. Qe5+ Kf8 33. Qh8+ Ke7 34. Qf6+ Ke8 35. Qh8+ Ke7 36. Qf6+ Ke8 37. Qh8+ 1/2-1/2

[Event "Chigorin Memorial-B 14th"]
[Site "St Petersburg"]
[Date "2006.10.23"]
[Round "1"]
[White "Thouvenin, Marika"]
[Black "Vrublevskaya, Olga"]
[Result "0-1"]
[WhiteElo "1607"]
[BlackElo "2163"]
[PlyCount "86"]
[EventDate "2006.10.23"]
[EventType "swiss"]
[EventRounds "9"]
[EventCountry "RUS"]
[SourceTitle "EXT 2007"]
[Source "ChessBase"]
[SourceDate "2006.11.23"]
[SourceVersion "1"]
[SourceVersionDate "2006.11.23"]
[SourceQuality "1"]

1. e4 c5 2. Nf3 d6 3. d4 cxd4 4. Nxd4 Nf6 5. Nc3 a6 6. a3 b5 7. Bg5 e6 8. Be2 Bb7 9. f3 Be7 10. 0-0 Nxe4 11. Nxe4 Bxg5 12. Kh1 0-0 13. Bd3 Nc6 14. Nxc6 Bxc6 15. f4 Be7 16. Qh5 f5 17. Nd2 Bf6 18. Rae1 g6 19. Qe2 Re8 20. c4 Bxb2 21. cxb5 axb5 22. Bxb5 Qb6 23. Bxc6 Qxc6 24. Nf3 Bf6 25. Qa2 d5 26. Ne5 Bxe5 27. Rxe5 Ra4 28. Qb2 Rea8 29. Re3 Qd6 30. Rfe1 Rxf4 31. Rb3 Re4 32. Rb1 Qe5 33. Qd2 Re2 34. Qc1 Qe4 35. Rf3 Rc2 36. Qg1 Rac8 37. Re1 Re2 38. Rff1 Rcc2 39. Rxe2 Rxe2 40. Rc1 d4 41. a4 d3 42. Rc8+ Kg7 43. Qa7+ Kh6 0-1